[Event "ROM-chT2"]
[Site "Gilau"]
[Date "2018.10.15"]
[Round "9.2"]
[White "Ghimpu, Samuel Timotei"]
[Black "Chioran, Andrei Ovidiu"]
[Result "1-0"]
[WhiteElo "2227"]
[BlackElo "1859"]
[PlyCount "39"]
[EventDate "2018.10.07"]
[EventType "team-swiss"]
[EventRounds "9"]
[EventCountry "ROU"]
[SourceTitle "CBM 189 Extra"]
[Source "ChessBase"]
[SourceDate "2019.06.03"]
[SourceVersion "1"]
[SourceVersionDate "2019.06.03"]
[SourceQuality "1"]
[WhiteTeam "Galati Smart"]
[BlackTeam "Cluj Viitorul"]
[WhiteTeamCountry "ROU"]
[BlackTeamCountry "ROU"]

1. e4 c5 2. Nf3 Nc6 3. Bb5 g6 4. 0-0 Bg7 5. c3 Nf6 6. Re1 a6 7. Bf1 d5 8. e5 Nd7 9. d4 0-0 10. g3 cxd4 11. cxd4 Nb6 12. Nc3 Bg4 13. Bg2 Qd7 14. Bf4 Rac8 15. h3 Bxf3 16. Bxf3 Rfd8 17. e6 fxe6 18. Bg4 Nxd4 19. Be3 h5 20. Bxd4 1-0

[Event "ROM-chT2"]
[Site "Gilau"]
[Date "2018.10.11"]
[Round "5.2"]
[White "Chioran, Andrei Ovidiu"]
[Black "Oprisor, Razvan Gabriel"]
[Result "1/2-1/2"]
[WhiteElo "1859"]
[BlackElo "2220"]
[PlyCount "74"]
[EventDate "2018.10.07"]
[EventType "team-swiss"]
[EventRounds "9"]
[EventCountry "ROU"]
[SourceTitle "CBM 187 Extra"]
[Source "ChessBase"]
[SourceDate "2018.11.04"]
[SourceVersion "1"]
[SourceVersionDate "2018.11.04"]
[SourceQuality "1"]
[WhiteTeam "Cluj Viitorul"]
[BlackTeam "Targoviste"]
[WhiteTeamCountry "ROU"]
[BlackTeamCountry "ROU"]

1. e4 e6 2. d4 d5 3. Nd2 dxe4 4. Nxe4 Nd7 5. Nf3 Ngf6 6. Ng3 c5 7. c3 Be7 8. Bd3 0-0 9. 0-0 b6 10. Re1 Bb7 11. Qe2 Re8 12. dxc5 Bxc5 13. Be3 a6 14. Rad1 Qc7 15. Bc2 Rac8 16. Bxc5 Qxc5 17. Nd2 Rc7 18. Nde4 Bxe4 19. Bxe4 b5 20. Rd2 Nb6 21. Red1 Nbd5 22. Bxd5 exd5 23. Qf3 Rce7 24. Re2 Rxe2 25. Nxe2 Qc4 26. Nc1 d4 27. cxd4 Qxd4 28. Nd3 h5 29. h3 Qa4 30. a3 Qc2 31. Rc1 Qb3 32. Rc3 Qa2 33. Qc6 Qb1+ 34. Kh2 Re6 35. Qc8+ Kh7 36. Rc2 Re8 37. Qf5+ Kg8 1/2-1/2

[Event "ROM-chT2"]
[Site "Gilau"]
[Date "2018.10.09"]
[Round "3.2"]
[White "Chioran, Andrei Ovidiu"]
[Black "Suciu, Dinu Simi"]
[Result "0-1"]
[WhiteElo "1859"]
[BlackElo "2122"]
[PlyCount "84"]
[EventDate "2018.10.07"]
[EventType "team-swiss"]
[EventRounds "9"]
[EventCountry "ROU"]
[SourceTitle "CBM 187 Extra"]
[Source "ChessBase"]
[SourceDate "2018.11.04"]
[SourceVersion "1"]
[SourceVersionDate "2018.11.04"]
[SourceQuality "1"]
[WhiteTeam "Cluj Viitorul"]
[BlackTeam "Resita Muncitorul"]
[WhiteTeamCountry "ROU"]
[BlackTeamCountry "ROU"]

1. e4 g6 2. d4 Bg7 3. Be3 d6 4. Nc3 Nd7 5. Bc4 e5 6. Nf3 Ngf6 7. h3 0-0 8. dxe5 dxe5 9. Qd2 c6 10. Bb3 Qe7 11. 0-0 Nc5 12. Bg5 Re8 13. Rfe1 Qf8 14. Rad1 h6 15. Bh4 Nh5 16. g4 Nf4 17. Kh2 Nxb3 18. axb3 Be6 19. Bg3 g5 20. Qe3 Qe7 21. Nd2 h5 22. f3 hxg4 23. hxg4 Bf6 24. Bf2 Kg7 25. Rh1 Qc7 26. Nc4 Be7 27. Ne2 b6 28. Nxf4 gxf4 29. Qc3 f6 30. Kg2 Rh8 31. g5 Rag8 32. Rxh8 Rxh8 33. Kf1 Bxc4+ 34. Qxc4 fxg5 35. Ke2 Qc8 36. Ra1 Qd7 37. Qa6 g4 38. Rg1 g3 39. Rd1 Qe6 40. Bg1 Qh3 41. Qxa7 Qg2+ 42. Kd3 Qxf3+ 0-1

[Event "ROM-chT U18"]
[Site "Iasi"]
[Date "2018.07.14"]
[Round "2.3"]
[White "Chioran, Andrei Ovidiu"]
[Black "Cotruta, Alexandru Mihai"]
[Result "1-0"]
[WhiteElo "1831"]
[BlackElo "1819"]
[PlyCount "95"]
[EventDate "2018.07.13"]
[EventType "team-tourn"]
[EventRounds "5"]
[EventCountry "ROU"]
[SourceTitle "EXT 2019"]
[Source "ChessBase"]
[SourceDate "2018.10.10"]
[SourceVersion "1"]
[SourceVersionDate "2018.10.10"]
[SourceQuality "1"]
[WhiteTeam "Cluj Viitorul"]
[BlackTeam "Iasi Politehnica"]
[WhiteTeamCountry "ROU"]
[BlackTeamCountry "ROU"]

1. e4 c5 2. Nf3 a6 3. c4 e6 4. Nc3 Qc7 5. Be2 Nc6 6. 0-0 Nd4 7. d3 g6 8. Be3 Bg7 9. Re1 Ne7 10. Qd2 Nec6 11. Rac1 Qa5 12. Bh6 Nxe2+ 13. Rxe2 Nd4 14. Bxg7 Nxe2+ 15. Qxe2 Rg8 16. Bf6 d6 17. Nd5 e5 18. Rc3 Bd7 19. Ra3 Ba4 20. b3 b5 21. bxa4 b4 22. Qd2 Rb8 23. Bh4 Rh8 24. Rb3 Kd7 25. Qg5 Kc6 26. Qe7 Rb7 27. Nxe5+ dxe5 28. Qf6+ Kd7 29. Qxh8 h5 30. Qxe5 Kc6 31. Qe8+ Kd6 32. Be7+ Rxe7 33. Qxe7+ Kc6 34. Qc7+ Qxc7 35. Nxc7 Kxc7 36. d4 cxd4 37. Rxb4 Kc6 38. e5 Kc5 39. Rb7 Kxc4 40. Rxf7 Kd5 41. Rd7+ Kxe5 42. Kf1 Ke4 43. Rd6 a5 44. Rxg6 Kd3 45. Rg5 Kc2 46. Rxa5 d3 47. Rd5 d2 48. Ke2 1-0

[Event "ROM-chT U18"]
[Site "Iasi"]
[Date "2018.07.13"]
[Round "1.3"]
[White "Mogirzan, Matei Valeriu"]
[Black "Chioran, Andrei Ovidiu"]
[Result "0-1"]
[WhiteElo "1809"]
[BlackElo "1831"]
[PlyCount "78"]
[EventDate "2018.07.13"]
[EventType "team-tourn"]
[EventRounds "5"]
[EventCountry "ROU"]
[SourceTitle "EXT 2019"]
[Source "ChessBase"]
[SourceDate "2018.10.10"]
[SourceVersion "1"]
[SourceVersionDate "2018.10.10"]
[SourceQuality "1"]
[WhiteTeam "Timisoara CC1"]
[BlackTeam "Cluj Viitorul"]
[WhiteTeamCountry "ROU"]
[BlackTeamCountry "ROU"]

1. e4 c5 2. Nf3 Nc6 3. d4 cxd4 4. c3 d3 5. Bxd3 g6 6. h4 h5 7. Ng5 Bg7 8. f4 d6 9. 0-0 Nf6 10. Qb3 0-0 11. f5 Ne5 12. fxg6 Nxd3 13. gxf7+ Kh8 14. Be3 Ng4 15. Bd4 e5 16. Qc2 Nxb2 17. Bf2 Nxf2 18. Rxf2 Nc4 19. Qe2 Bg4 20. Qxc4 Rc8 21. Qd3 Bh6 22. Qd2 Rc7 23. Qd5 Bxg5 24. hxg5 Qxg5 25. Na3 Qg6 26. Raf1 Bh3 27. Kh1 Rfxf7 28. Qxf7 Rxf7 29. gxh3 Rxf2 30. Rxf2 Qg3 31. Rg2 Qxh3+ 32. Kg1 Qe3+ 33. Kh2 Qxe4 34. Nb5 Qf4+ 35. Kg1 e4 36. Nc7 e3 37. Ne6 Qe4 38. Ng5 Qb1+ 39. Kh2 Qf1 0-1

[Event "ROM-ch U16"]
[Site "Calimanesti Caciulata"]
[Date "2016.04.24"]
[Round "8"]
[White "Ion, Dragos Cosmin"]
[Black "Chioran, Andrei Ovidiu"]
[Result "1/2-1/2"]
[WhiteElo "1762"]
[BlackElo "1854"]
[PlyCount "121"]
[EventDate "2016.04.18"]
[EventType "swiss"]
[EventRounds "9"]
[EventCountry "ROU"]
[SourceTitle "EXT 2017"]
[Source "ChessBase"]
[SourceDate "2016.10.25"]
[SourceVersion "1"]
[SourceVersionDate "2016.10.25"]
[SourceQuality "1"]

1. e4 c5 2. Nf3 Nc6 3. d4 cxd4 4. Nxd4 g6 5. Nc3 Bg7 6. Be3 Nf6 7. Bc4 0-0 8. Bb3 d6 9. f3 Bd7 10. Qd2 Ne5 11. 0-0 Rc8 12. Qe2 a6 13. a4 Qc7 14. Rfd1 Nc4 15. Bxc4 Qxc4 16. Qxc4 Rxc4 17. Nb3 Nh5 18. Bd4 Bh6 19. Kf2 Bg7 20. Bxg7 Kxg7 21. e5 Be6 22. exd6 exd6 23. Rxd6 Rfc8 24. Nd4 Rb4 25. Nxe6+ fxe6 26. Ra2 Kf6 27. Nd5+ Ke5 28. Nxb4 Kxd6 29. c3 Kc5 30. b3 Nf4 31. Rd2 Nd5 32. Nxd5 exd5 33. Rd4 b5 34. axb5 axb5 35. b4+ Kd6 36. Rd3 Rc4 37. g3 g5 38. Ke3 Ke5 39. Kd2 d4 40. f4+ gxf4 41. gxf4+ Ke4 42. Rxd4+ Rxd4+ 43. cxd4 Kxd4 44. f5 Ke5 45. Ke3 Kxf5 46. Kd4 Kg4 47. Kc5 Kh3 48. Kxb5 Kxh2 49. Kc5 h5 50. b5 h4 51. b6 h3 52. b7 Kg2 53. b8Q h2 54. Qg8+ Kf1 55. Qd5 Kg1 56. Qg5+ Kh1 57. Qh4 Kg1 58. Qg4+ Kh1 59. Qh3 Kg1 60. Qg3+ Kh1 61. Kd4 1/2-1/2

[Event "ROM-ch U16"]
[Site "Calimanesti Caciulata"]
[Date "2016.04.20"]
[Round "3"]
[White "Chioran, Andrei Ovidiu"]
[Black "Gotsman, Szabolcs Mihaly"]
[Result "1-0"]
[WhiteElo "1854"]
[BlackElo "1216"]
[PlyCount "91"]
[EventDate "2016.04.18"]
[EventType "swiss"]
[EventRounds "9"]
[EventCountry "ROU"]
[SourceTitle "CBM 172 Extra"]
[Source "ChessBase"]
[SourceDate "2016.06.21"]
[SourceVersion "1"]
[SourceVersionDate "2016.06.21"]
[SourceQuality "1"]

1. e4 c5 2. Nf3 e6 3. c4 d6 4. Nc3 Nf6 5. d4 cxd4 6. Nxd4 a6 7. Be2 Be7 8. Be3 0-0 9. f3 Nbd7 10. 0-0 Qc7 11. Rc1 b6 12. Qe1 Bb7 13. Qf2 Rac8 14. Rfd1 Qb8 15. Nc2 Qa8 16. Na4 b5 17. cxb5 axb5 18. Bxb5 Bc6 19. Bxc6 Rxc6 20. Nc3 Rcc8 21. Bf4 e5 22. Be3 Rfd8 23. Nb4 Nc5 24. Nbd5 Nxd5 25. Nxd5 Bf8 26. Nb6 Qxa2 27. Nxc8 Rxc8 28. b4 Qe6 29. bxc5 dxc5 30. Bxc5 Bxc5 31. Qxc5 Re8 32. Qc6 Qxc6 33. Rxc6 g6 34. Rd7 Rf8 35. Rcc7 Kg7 36. g3 h6 37. f4 exf4 38. gxf4 Kg8 39. e5 h5 40. h4 Re8 41. Rxf7 Kh8 42. e6 Kg8 43. Rg7+ Kh8 44. Rh7+ Kg8 45. Rcg7+ Kf8 46. e7+ 1-0

[Event "ROM-chT2"]
[Site "Mamaia"]
[Date "2015.10.06"]
[Round "4.6"]
[White "Chioran, Andrei Ovidiu"]
[Black "Palamar, Theodor"]
[Result "1-0"]
[WhiteElo "1781"]
[BlackElo "1777"]
[PlyCount "81"]
[EventDate "2015.10.03"]
[EventType "team-tourn"]
[EventRounds "9"]
[EventCountry "ROU"]
[SourceTitle "CBM 169 Extra"]
[Source "ChessBase"]
[SourceDate "2015.12.18"]
[SourceVersion "1"]
[SourceVersionDate "2015.12.18"]
[SourceQuality "1"]
[WhiteTeam "Cluj Napoca"]
[BlackTeam "Otopeni"]
[WhiteTeamCountry "ROU"]
[BlackTeamCountry "ROU"]

1. e4 c5 2. Nf3 d6 3. d4 cxd4 4. Nxd4 Nf6 5. Nc3 a6 6. Bc4 e6 7. 0-0 Qc7 8. Bb3 Nc6 9. Be3 Be7 10. a4 b6 11. f3 0-0 12. Qe1 Rd8 13. Qg3 Kh8 14. Rfd1 Na5 15. Ba2 Nc4 16. Bxc4 Qxc4 17. Nb3 Qc7 18. Qf2 Rb8 19. Ra2 Bd7 20. a5 bxa5 21. Nxa5 Rdc8 22. Qe2 Bb5 23. Qf2 Bc4 24. Nxc4 Qxc4 25. Qf1 Qxf1+ 26. Kxf1 h6 27. Ke2 Rc6 28. Rda1 Ra8 29. Kd2 d5 30. exd5 Nxd5 31. Nxd5 exd5 32. c3 Bf6 33. Ra5 Rb8 34. R1a2 Rb5 35. Rxb5 axb5 36. Ra8+ Kh7 37. Rb8 Bg5 38. Rxb5 Bxe3+ 39. Kxe3 Rg6 40. g3 Re6+ 41. Kd3 1-0

[Event "ROM-ch U14"]
[Site "Calimanesti"]
[Date "2015.04.02"]
[Round "4"]
[White "Ion, Dragos Cosmin"]
[Black "Chioran, Andrei Ovidiu"]
[Result "0-1"]
[WhiteElo "1428"]
[BlackElo "1697"]
[PlyCount "50"]
[EventDate "2015.03.30"]
[EventType "swiss"]
[EventRounds "9"]
[EventCountry "ROU"]
[SourceTitle "CBM 165 Extra"]
[Source "ChessBase"]
[SourceDate "2015.04.21"]
[SourceVersion "1"]
[SourceVersionDate "2015.04.21"]
[SourceQuality "1"]

1. d4 Nf6 2. c4 g6 3. Nc3 Bg7 4. e4 d6 5. f3 0-0 6. Bg5 Nbd7 7. Nge2 c5 8. d5 Ne5 9. Nc1 h6 10. Be3 a6 11. a4 Qb6 12. Qd2 Kh7 13. a5 Qc7 14. Na4 Nfd7 15. Be2 b5 16. cxb5 axb5 17. Nb6 Nxb6 18. axb6 Qb7 19. Rxa8 Qxa8 20. Bxb5 Bd7 21. Bxd7 Nxd7 22. 0-0 Nxb6 23. b4 Nc4 24. Qe2 Nxe3 25. Re1 Bd4 0-1

[Event "ROM-ch U14"]
[Site "Calimanesti"]
[Date "2014.04.09"]
[Round "5"]
[White "Stoica, Eduard Constantin"]
[Black "Chioran, Andrei Ovidiu"]
[Result "1/2-1/2"]
[WhiteElo "1567"]
[BlackElo "1728"]
[PlyCount "107"]
[EventDate "2014.04.06"]
[EventType "swiss"]
[EventRounds "9"]
[EventCountry "ROU"]
[SourceTitle "CBM 160 Extra"]
[Source "ChessBase"]
[SourceDate "2014.07.01"]
[SourceVersion "1"]
[SourceVersionDate "2014.07.01"]
[SourceQuality "1"]

1. c4 Nf6 2. Nc3 e5 3. Nf3 Nc6 4. g3 d5 5. cxd5 Nxd5 6. Bg2 Nb6 7. 0-0 Be7 8. d3 0-0 9. a3 a5 10. Be3 Re8 11. Nd2 Nd4 12. Nc4 Bf8 13. Nxb6 cxb6 14. Rc1 Rb8 15. f4 Nf5 16. Bd2 Bc5+ 17. Kh1 Ne3 18. Bxe3 Bxe3 19. Rb1 exf4 20. gxf4 Be6 21. f5 Bd7 22. Ne4 Qh4 23. Qe1 Qxe1 24. Rbxe1 Re5 25. f6 g6 26. Nd6 Be6 27. Nc4 Bxc4 28. dxc4 Bd2 29. Rd1 Rxe2 30. Bf3 Rbe8 31. Bxe2 Rxe2 32. Rf3 h5 33. Rd3 Bg5 34. Rd8+ Kh7 35. Rf8 Rf2 36. Rxf7+ Kh6 37. Rd8 Be3 38. h4 g5 39. hxg5+ Kxg5 40. Rd3 Bc5 41. Rh7 Kxf6 42. Rxh5 Rxb2 43. Rh7 Rc2 44. Rxb7 Rxc4 45. Rh7 Rc2 46. Rh2 Rxh2+ 47. Kxh2 Ke5 48. a4 Ke4 49. Rd1 Bd4 50. Kg3 Kd5 51. Rc1 Be3 52. Rc2 Kd4 53. Rb2 Kc4 54. Rb5 1/2-1/2

[Event "ROM-ch U14"]
[Site "Calimanesti"]
[Date "2014.04.08"]
[Round "3"]
[White "Vass, Razvan"]
[Black "Chioran, Andrei Ovidiu"]
[Result "0-1"]
[WhiteElo "1473"]
[BlackElo "1728"]
[PlyCount "106"]
[EventDate "2014.04.06"]
[EventType "swiss"]
[EventRounds "9"]
[EventCountry "ROU"]
[SourceTitle "CBM 160 Extra"]
[Source "ChessBase"]
[SourceDate "2014.07.01"]
[SourceVersion "1"]
[SourceVersionDate "2014.07.01"]
[SourceQuality "1"]

1. e4 c5 2. Nf3 Nc6 3. d4 cxd4 4. Nxd4 g6 5. c4 Bg7 6. Be3 Nf6 7. f3 0-0 8. Be2 d6 9. Qd2 Bd7 10. 0-0 Rc8 11. Nc3 a6 12. Rfd1 Ne5 13. b3 Qc7 14. Rac1 Qb8 15. Nd5 Nxd5 16. cxd5 Rxc1 17. Rxc1 Rc8 18. h3 Be8 19. a4 Nd7 20. b4 Rxc1+ 21. Qxc1 a5 22. b5 Nc5 23. Bd1 Bd7 24. Kh1 Qc8 25. Qa3 Be5 26. Nb3 Nxb3 27. Qxb3 Qc3 28. Qxc3 Bxc3 29. g4 f5 30. Kg2 h5 31. Kg3 Be1+ 32. Bf2 Bxf2+ 33. Kxf2 hxg4 34. fxg4 fxg4 35. h4 Kf7 36. Kg3 Kf6 37. Kf4 g3 38. Kxg3 Ke5 39. Bf3 b6 40. Bg2 Kd4 41. Kf4 Bxb5 42. axb5 a4 43. e5 dxe5+ 44. Kg5 a3 45. Bh3 a2 46. Be6 a1Q 47. Kxg6 Qg1+ 48. Kf5 Qg7 49. h5 e4 50. Kf4 e3 51. Kf3 Qf6+ 52. Ke2 Qf2+ 53. Kd1 Qd2# 0-1

[Event "ROM-ch U12"]
[Site "Calimanesti"]
[Date "2013.04.06"]
[Round "7"]
[White "Chioran, Andrei Ovidiu"]
[Black "Buga, Andru Mihai"]
[Result "1/2-1/2"]
[WhiteElo "1611"]
[BlackElo "1558"]
[PlyCount "136"]
[EventDate "2013.04.02"]
[EventType "swiss"]
[EventRounds "9"]
[EventCountry "ROU"]
[SourceTitle "CBM 153 Extra"]
[Source "ChessBase"]
[SourceDate "2013.04.22"]
[SourceVersion "1"]
[SourceVersionDate "2013.04.22"]
[SourceQuality "1"]

1. e4 c5 2. Nf3 Nc6 3. d4 cxd4 4. Nxd4 g6 5. Be3 Bg7 6. Be2 d6 7. Nc3 Nf6 8. 0-0 0-0 9. f3 Bd7 10. Qd2 Rc8 11. Rad1 Ne5 12. Nb3 Nc4 13. Bxc4 Rxc4 14. Bxa7 b6 15. Qf2 b5 16. a3 b4 17. Nd2 Rc7 18. axb4 Rb7 19. Nb3 Rxb4 20. Rd3 Bb5 21. Nxb5 Rxb5 22. Qe2 Nh5 23. Rxd6 Qxd6 24. Qxb5 Bxb2 25. Bc5 Qe6 26. Rd1 Nf4 27. Qd7 Qa6 28. Qxe7 Bg7 29. Rd8 Ne6 30. Rd6 Qe2 31. Bf2 Qxc2 32. Nd2 Nf4 33. h3 Qd1+ 34. Kh2 Qe2 35. Qg5 Nd3 36. Bg3 Ne1 37. Bxe1 Qxe1 38. Nc4 Qc3 39. Rc6 Qa1 40. f4 h6 41. Qg3 Qa8 42. Rc5 Qxe4 43. f5 Qd4 44. Rc6 Qd5 45. Rc7 Qxf5 46. Re7 Qd5 47. Qc7 Bf6 48. Rd7 Qe6 49. Qd6 Qxd6+ 50. Rxd6 Rc8 51. Rxf6 Rxc4 52. Kg3 Kg7 53. Rf3 f5 54. h4 Kf6 55. Kh3 g5 56. hxg5+ hxg5 57. Kg3 Re4 58. Kf2 g4 59. Re3 Ke5 60. g3 f4 61. gxf4+ Kxf4 62. Rxe4+ Kxe4 63. Kg3 Kf5 64. Kg2 Kf4 65. Kf2 g3+ 66. Kg2 Kg4 67. Kg1 Kf4 68. Kg2 Kg4 1/2-1/2

[Event "ROM-ch U12"]
[Site "Calimanesti"]
[Date "2013.04.05"]
[Round "6"]
[White "Stefan, Mihai"]
[Black "Chioran, Andrei Ovidiu"]
[Result "1/2-1/2"]
[WhiteElo "1642"]
[BlackElo "1611"]
[PlyCount "53"]
[EventDate "2013.04.02"]
[EventType "swiss"]
[EventRounds "9"]
[EventCountry "ROU"]
[SourceTitle "CBM 153 Extra"]
[Source "ChessBase"]
[SourceDate "2013.04.22"]
[SourceVersion "1"]
[SourceVersionDate "2013.04.22"]
[SourceQuality "1"]

1. e4 c5 2. c3 Nf6 3. e5 Nd5 4. d4 cxd4 5. Nf3 e6 6. cxd4 d6 7. Nc3 dxe5 8. Nxe5 Nc6 9. Nxc6 bxc6 10. a3 Qa5 11. Bd2 Qb6 12. Nxd5 cxd5 13. Bc3 Bd6 14. Bd3 0-0 15. 0-0 Ba6 16. Re1 Bxd3 17. Qxd3 Rfc8 18. Rac1 Rc4 19. Red1 Rac8 20. g3 Qb3 21. Ra1 Be7 22. Qd2 Bf6 23. Qd3 R8c6 24. Rab1 Rc8 25. Ra1 R8c6 26. Rab1 Rc8 27. Ra1 1/2-1/2

[Event "ROM-ch U12"]
[Site "Calimanesti"]
[Date "2013.04.03"]
[Round "3"]
[White "Chioran, Andrei Ovidiu"]
[Black "Pasca, Mihai Alexandru"]
[Result "0-1"]
[WhiteElo "1611"]
[BlackElo "1564"]
[PlyCount "128"]
[EventDate "2013.04.02"]
[EventType "swiss"]
[EventRounds "9"]
[EventCountry "ROU"]
[SourceTitle "CBM 153 Extra"]
[Source "ChessBase"]
[SourceDate "2013.04.22"]
[SourceVersion "1"]
[SourceVersionDate "2013.04.22"]
[SourceQuality "1"]

1. e4 e5 2. Nf3 Nc6 3. Bc4 Bc5 4. 0-0 Nf6 5. d4 Bxd4 6. Nxd4 Nxd4 7. f4 d6 8. fxe5 dxe5 9. Bg5 Qe7 10. Na3 Bd7 11. c3 Ne6 12. Bxf6 gxf6 13. Qf3 0-0-0 14. Qxf6 Qxf6 15. Rxf6 Ng5 16. Bd5 c6 17. Bxf7 Nxe4 18. Rff1 Ng5 19. Bb3 Rde8 20. Nc4 Kc7 21. Rae1 e4 22. Bc2 Be6 23. Ne3 Rhg8 24. Kh1 a6 25. h4 Nf7 26. Bxe4 Bxa2 27. Bc2 Be6 28. Rf4 h5 29. Nf1 Nd6 30. Re5 Bd5 31. Rg5 Rxg5 32. hxg5 Re2 33. Bd1 Rxg2 34. Ne3 Rxg5+ 35. Nxd5+ Rxd5 36. Bf3 Rf5 37. Rxf5 Nxf5 38. Kh2 h4 39. Kh3 c5 40. Be4 Nd6 41. Bd5 b5 42. Kxh4 Nf5+ 43. Kg5 Ne3 44. Bf3 Nc4 45. b3 Nd2 46. Bd5 Kd6 47. Bb7 a5 48. Ba6 b4 49. cxb4 axb4 50. Kf4 Nxb3 51. Ke4 Nd4 52. Kd3 Kc6 53. Bc4 Kb6 54. Bf7 Nc6 55. Be6 Kb5 56. Bd7 c4+ 57. Kc2 Kc5 58. Kb2 c3+ 59. Kc1 b3 60. Bf5 Kb4 61. Bg6 Nd4 62. Kb1 c2+ 63. Bxc2 bxc2+ 64. Kc1 Kb3 0-1

[Event "ROM-ch U12"]
[Site "Calimanesti"]
[Date "2013.04.03"]
[Round "2"]
[White "Mirauta, Stefano Marius"]
[Black "Chioran, Andrei Ovidiu"]
[Result "1-0"]
[WhiteElo "1853"]
[BlackElo "1611"]
[PlyCount "57"]
[EventDate "2013.04.02"]
[EventType "swiss"]
[EventRounds "9"]
[EventCountry "ROU"]
[SourceTitle "CBM 153 Extra"]
[Source "ChessBase"]
[SourceDate "2013.04.22"]
[SourceVersion "1"]
[SourceVersionDate "2013.04.22"]
[SourceQuality "1"]

1. e4 c5 2. c3 Nf6 3. e5 Nd5 4. g3 Nc6 5. Bg2 e6 6. Nf3 Be7 7. 0-0 0-0 8. d4 cxd4 9. cxd4 Qc7 10. Nc3 Ncb4 11. Nxd5 Nxd5 12. Bg5 b6 13. Bxe7 Nxe7 14. Ng5 Bb7 15. Rc1 Bc6 16. Qd3 Ng6 17. h4 Rfc8 18. h5 Nf8 19. Bxc6 dxc6 20. Ne4 Nd7 21. Nd6 Rd8 22. Qf3 Nb8 23. b4 Rxd6 24. exd6 Qxd6 25. b5 Qxd4 26. bxc6 Na6 27. c7 Rc8 28. Qb7 Qd7 29. Rfd1 1-0